000 00760nam a2200265Ia 4500
003 OSt
005 20220918163738.0
006 a|||||r|||| 00| 0
007 ta
008 220917b |||||||| |||| 00| 0 eng d
020 _a0231045778
024 _a37,715
037 _cTextual
040 _aARTS
_cARTS
_beng
041 _2eng
_aeng
082 _aO142,2:gN5, 111L9
100 _aSegel Harold B
_914986
245 0 _aTwentieth century Russian drama from Gorky to the pressent
260 _aNew York
_bColumbia Univ Press USA
_c1979
300 _axvi,501p.
_ccm.
500 _aBib 475-90p; Appendix 457-64p
650 _aENGLISH LITERATURE
942 _hO142,2:gN5, 111L9
_cTEXL
_2CC
999 _c121190
_d121190